Obce v Královéhradeckém kraji - Statistics

General Stats
  • This quiz has been taken 24 times
  • The average score is 67 of 448
Answer Stats
Obec Počet obyvatel % Correct
Hradec Králové 92 683
100%
Hrádek 181
100%
Nové Město 417
100%
Nové Město nad Metují 9 317
100%
Trutnov 29 958
100%
Broumov 7 272
91%
Dvůr Králové nad Labem 15 471
91%
Jaroměř 12 324
91%
Jičín 16 551
91%
Náchod 19 688
91%
Nový Bydžov 6 924
91%
Opočno 3 094
91%
Police nad Metují 4 016
91%
Rychnov nad Kněžnou 10 899
91%
Val 294
91%
Vrchlabí 12 289
91%
Adršpach 513
82%
Červený Kostelec 8 332
82%
Česká Skalice 5 017
82%
Dobruška 6 651
82%
Hronov 6 075
82%
Kostelec 37
82%
Kostelec nad Orlicí 6 188
82%
Nová Paka 9 044
82%
Pec pod Sněžkou 646
82%
Rokytnice v Orlických horách 1 995
82%
Smiřice 2 927
82%
Špindlerův Mlýn 1 057
82%
Teplice nad Metují 1 613
82%
Týniště nad Orlicí 6 050
82%
Hořice 8 439
73%
Malé Svatoňovice 1 495
73%
Rtyně v Podkrkonoší 2 962
73%
Stará Paka 2 102
73%
Třebechovice pod Orebem 5 716
73%
Úpice 5 622
73%
Žacléř 3 126
73%
Chlumec nad Cidlinou 5 600
64%
Hostinné 4 352
64%
Janské Lázně 682
64%
Kuks 270
64%
Lázně Bělohrad 3 677
64%
Meziměstí 2 360
64%
Sobotka 2 377
64%
Solnice 2 247
64%
Vamberk 4 579
64%
Velké Svatoňovice 1 277
64%
Častolovice 1 714
55%
Deštné v Orlických horách 556
55%
Kopidlno 2 112
55%
Nechanice 2 348
55%
Potštejn 970
55%
Svoboda nad Úpou 2 057
55%
Železnice 1 318
55%
Choustníkovo Hradiště 577
45%
Kvasiny 1 654
45%
Mladé Buky 2 313
45%
Pecka 1 298
45%
Bílá Třemešná 1 346
36%
Borohrádek 2 102
36%
Doudleby nad Orlicí 1 769
36%
Horní Maršov 962
36%
Královec 186
36%
Malá Úpa 147
36%
Miletín 927
36%
Mostek 1 175
36%
Orlické Záhoří 208
36%
Praskačka 1 085
36%
Předměřice nad Labem 1 926
36%
Říčky v Orlických horách 92
36%
Sadová 319
36%
Valdice 1 398
36%
Albrechtice nad Orlicí 1 002
27%
Bernartice 935
27%
Černilov 2 407
27%
Černý Důl 697
27%
Kocbeře 524
27%
Konecchlumí 407
27%
Libáň 1 951
27%
Nový Hrádek 868
27%
Olešnice 376 | 481
27%
Petrovice 287
27%
Pilníkov 1 229
27%
Rudník 2 154
27%
Stěžery 2 110
27%
Úlibice 310
27%
Velké Poříčí 2 355
27%
Vysoká nad Labem 1 742
27%
Bartošovice v Orlických horách 206
18%
Blešno 445
18%
Cerekvice nad Bystřicí 783
18%
Čermná 400
18%
Česká Čermná 524
18%
Čestice 608
18%
Chotěvice 1 022
18%
Dětenice 716
18%
Dolní Přím 734
18%
Dolní Radechová 776
18%
Horní Radechová 510
18%
Janov 106
18%
Káranice 206
18%
Kramolna 1 085
18%
Kunčice 380
18%
Lánov 1 816
18%
Lhota pod Libčany 979
18%
Libčany 899
18%
Libřice 304
18%
Libuň 777
18%
Lochenice 609
18%
Nová Ves 218
18%
Olešnice v Orlických horách 408
18%
Osek 230
18%
Otovice 346
18%
Staré Buky 633
18%
Tetín 153
18%
Tuř 126
18%
Újezd pod Troskami 343
18%
Velichovky 744
18%
Vítězná 1 480
18%
Vlkov 390
18%
Všestary 1 774
18%
Vysokov 513
18%
Záměl 612
18%
Zlatá Olešnice 212
18%
Babice 190
9%
Běleč nad Orlicí 382
9%
Bílé Poličany 153
9%
Bohdašín 212
9%
Butoves 280
9%
Bystřice 343
9%
Čermná nad Orlicí 1 041
9%
Černožice 1 125
9%
Červená Třemešná 161
9%
Česká Metuje 289
9%
České Meziříčí 1 962
9%
Čistěves 187
9%
Dobré 862
9%
Dobřenice 586
9%
Dolní Branná 1 000
9%
Dolní Brusnice 407
9%
Dolní Kalná 687
9%
Doubravice 363
9%
Dubenec 663
9%
Hajnice 1 058
9%
Hejtmánkovice 610
9%
Heřmanice 423
9%
Hněvčeves 164
9%
Holohlavy 918
9%
Hořenice 151
9%
Hořičky 579
9%
Horní Brusnice 436
9%
Hřibojedy 224
9%
Jestřebí 157
9%
Jetřichov 461
9%
Jičíněves 613
9%
Jívka 574
9%
Kbelnice 226
9%
Klamoš 408
9%
Kněžnice 271
9%
Kostelecké Horky 151
9%
Králíky 402
9%
Kratonohy 614
9%
Kunčice nad Labem 563
9%
Lhoty u Potštejna 342
9%
Libotov 173
9%
Librantice 584
9%
Lodín 416
9%
Lukavice 613
9%
Markvartice 491
9%
Máslojedy 219
9%
Mladějov 520
9%
Nahořany 586
9%
Nemojov 776
9%
Nemyčeves 343
9%
Nepolisy 984
9%
Ohaveč 133
9%
Osice 527
9%
Ostroměř 1 353
9%
Přepychy 633
9%
Převýšov 342
9%
Radim 432
9%
Rybná nad Zdobnicí 424
9%
Rychnovek 639
9%
Sedloňov 216
9%
Skalice 662
9%
Skřivany 1 071
9%
Skuhrov nad Bělou 1 115
9%
Slatina nad Zdobnicí 880
9%
Smidary 1 506
9%
Stanovice 57
9%
Stárkov 652
9%
Starý Bydžov 415
9%
Stračov 297
9%
Třebihošť 447
9%
Vestec 179
9%
Vlčkovice v Podkrkonoší 365
9%
Vrbice 150 | 163
9%
Výrava 400
9%
Vysoké Veselí 866
9%
Zábřezí-Řečice 149
9%
Zaloňov 445
9%
Žďár nad Metují 664
9%
Žďár nad Orlicí 527
9%
Zdelov 265
9%
Zdobnice 199
9%
Žernov 294
9%
Bačalky 159
0%
Bačetín 390
0%
Barchov 309
0%
Bašnice 211
0%
Batňovice 789
0%
Běchary 264
0%
Benátky 120
0%
Bezděkov nad Metují 597
0%
Bílsko u Hořic 128
0%
Bílý Újezd 702
0%
Boháňka 262
0%
Boharyně 594
0%
Bohuslavice 1 000
0%
Bolehošť 589
0%
Borek 97
0%
Borová 198
0%
Borovnice 360 | 402
0%
Borovnička 178
0%
Božanov 359
0%
Brada-Rybníček 165
0%
Březina 122
0%
Bříšťany 255
0%
Brzice 246
0%
Budčeves 157
0%
Bukovice 341
0%
Bukvice 163
0%
Bystré 271
0%
Byzhradec 220
0%
Černčice 483
0%
Černíkovice 808
0%
Červená Hora 201
0%
Češov 235
0%
Chleny 225
0%
Chlístov 83
0%
Cholenice 224
0%
Chomutice 602
0%
Choteč 207
0%
Chudeřice 264
0%
Chvaleč 657
0%
Chvalkovice 775
0%
Chyjice 170
0%
Dílce 59
0%
Divec 247
0%
Dobřany 128
0%
Dobrá Voda u Hořic 591
0%
Dohalice 457
0%
Dolany 661
0%
Dolní Dvůr 273
0%
Dolní Lánov 781
0%
Dolní Lochov 46
0%
Dolní Olešnice 377
0%
Dřevěnice 256
0%
Habřina 324
0%
Havlovice 981
0%
Heřmánkovice 495
0%
Hlušice 726
0%
Holín 606
0%
Holovousy 544
0%
Hořiněves 704
0%
Horní Kalná 373
0%
Horní Olešnice 311
0%
Hřibiny-Ledská 355
0%
Humburky 393
0%
Hvozdnice 235
0%
Hynčice 192
0%
Jahodov 98
0%
Jasenná 764
0%
Javornice 1 074
0%
Jeníkovice 486
0%
Jeřice 409
0%
Jílovice 313
0%
Jinolice 191
0%
Kacákova Lhota 174
0%
Klášterská Lhota 225
0%
Kobylice 262
0%
Kohoutov 259
0%
Kosice 344
0%
Kosičky 344
0%
Kounov 236
0%
Kovač 145
0%
Kozojedy 182
0%
Králova Lhota 246
0%
Krchleby 101
0%
Křinice 443
0%
Kyje 65
0%
Lampertice 380
0%
Lanžov 192
0%
Ledce 355
0%
Lejšovka 226
0%
Lhota pod Hořičkami 303
0%
Libchyně 73
0%
Libel 167
0%
Liberk 710
0%
Libňatov 370
0%
Libníkovice 168
0%
Libošovice 512
0%
Lično 648
0%
Lípa nad Orlicí 572
0%
Lišice 162
0%
Lískovice 224
0%
Litíč 181
0%
Litoboř 103
0%
Lovčice 720
0%
Lukavec u Hořic 307
0%
Lupenice 260
0%
Lužany 124 | 587
0%
Lužec nad Cidlinou 518
0%
Machov 1 096
0%
Maršov u Úpice 183
0%
Martínkovice 511
0%
Měník 587
0%
Mezilečí 135
0%
Mezilesí 250
0%
Milovice u Hořic 307
0%
Mlázovice 540
0%
Mlékosrby 229
0%
Mokré 171
0%
Mokrovousy 376
0%
Myštěves 178
0%
Mžany 414
0%
Neděliště 363
0%
Nevratice 173
0%
Nový Ples 345
0%
Obědovice 292
0%
Očelice 228
0%
Ohařice 71
0%
Ohnišov 497
0%
Ohnišťany 333
0%
Osečnice 303
0%
Osičky 161
0%
Ostružno 96
0%
Pěčín 496
0%
Petrovičky 47
0%
Písek 264
0%
Podbřezí 578
0%
Podhorní Újezd a Vojice 652
0%
Podhradí 472
0%
Podůlší 260
0%
Pohoří 694
0%
Polom 137
0%
Prasek 614
0%
Přibyslav 203
0%
Proruby 56
0%
Prosečné 597
0%
Provodov-Šonov 1 231
0%
Pšánky 72
0%
Puchlovice 104
0%
Račice nad Trotinou 151
0%
Radíkovice 190
0%
Radostov 145
0%
Radvanice 967
0%
Rašín 98
0%
Rasošky 710
0%
Říkov 228
0%
Rohenice 289
0%
Rohoznice 321
0%
Rokytňany 124
0%
Roudnice 691
0%
Rožnov 377
0%
Samšina 262
0%
Šaplava 113
0%
Šárovcova Lhota 203
0%
Sběř 319
0%
Sedliště 102
0%
Sekeřice 119
0%
Semechnice 433
0%
Sendraž 105
0%
Sendražice 447
0%
Šestajovice 174
0%
Slatina nad Úpou 312
0%
Slatiny 549
0%
Slavětín nad Metují 264
0%
Slavhostice 135
0%
Slavoňov 301
0%
Sloupno 509
0%
Smržov 508
0%
Sněžné 135
0%
Sobčice 296
0%
Soběraz 97
0%
Šonov 296
0%
Sovětice 233
0%
Stará Voda 145
0%
Staré Hrady 187
0%
Staré Místo 322
0%
Staré Smrkovice 269
0%
Strážné 219
0%
Střevač 291
0%
Střezetice 396
0%
Studnice 1 152
0%
Suchovršice 369
0%
Suchý Důl 404
0%
Sukorady 228
0%
Svatojanský Újezd 102
0%
Světí 332
0%
Svídnice 164
0%
Synkov-Slemeno 429
0%
Syrovátka 450
0%
Těchlovice 353
0%
Třebešov 293
0%
Třebnouševes 276
0%
Třesovice 271
0%
Trnov 755
0%
Trotina 93
0%
Třtěnice 344
0%
Tutleky 358
0%
Úbislavice 453
0%
Údrnice 298
0%
Úhlejov 147
0%
Urbanice 320
0%
Veliš 202
0%
Velká Jesenice 742
0%
Velké Petrovice 435
0%
Velký Třebešov 310
0%
Velký Vřešťov 231
0%
Vernéřovice 326
0%
Vidochov 390
0%
Vilantice 212
0%
Vinary 461
0%
Vitiněves 355
0%
Vlčice 566
0%
Voděrady 737
0%
Volanice 219
0%
Vrchovnice 68
0%
Vřesník 94
0%
Vršce 242
0%
Vršovka 146
0%
Vysoká Srbská 295
0%
Vysoký Újezd 87
0%
Zábrodí 580
0%
Zachrašťany 242
0%
Zámostí-Blata 124
0%
Žďárky 558
0%
Zdechovice 164
0%
Zdobín 123
0%
Zelenecká Lhota 157
0%
Žeretice 257
0%
Židovice 119
0%
Žlunice 225
0%
No matching quizzes found
Score Distribution
Percent of People with Each Score
Percentile by Number Answered
Your Score History
You have not taken this quiz